000 00794nam a2200241 a 4500
001 000025245
005 20200930023645.0
008 110211s1971 sp r 000 0 spa d
040 _aDO-SdBNP
_bspa
_cBNPHU
041 1 7 _aspa
_heng
_2Código de idioma MARC
082 _aNNN
_bB779g
100 1 _aBouthoul, Gaston,
_d1899-1980
_951737
240 1 0 _aLa guerre.
_lEspañol.
245 1 0 _aLa guerra /
_cGaston Bouthoul ; traducción de Johanna Givanel.
260 _aBarcelona, (España) :
_bOikos- tau,
_c1971.
300 _a126, [1] p. ;
_c18 cm.
490 1 _aQué sé?
_v44
534 _aTítulo original:
_tLa guerre.
500 _aIncluye refererncias bibliográficas al pie de las páginas
700 1 _aGivanel, Johanna
_etr
_951738
830 0 _aQué sé? ;
_v44
_927270
049 _aBNGR
999 _c24738
_d24738